000
00297nam a22001337a 4500
020
_a
818348015-2
082
_a
510
_b
GOY/I
100
_a
GOYAL S.K
245
_a
INTERACTIVE ALGEBRA
_b
VOL 1
260
_a
MEERUT
_b
ARIHANT PRAKASHAN
300
_a
464
650
_a
MATHS REFERENCE
_z
INDIA
942
_c
BK
999
_c
1232
_d
1232